| 000 | 00717nam a2200193Ia 4500 | ||
|---|---|---|---|
| 005 | 20260114154939.0 | ||
| 008 | 008 250103s9999 xx 000 0 hin d | ||
| 037 | _aTheses | ||
| 040 |
_aCRL _bhin _cCRL |
||
| 041 |
_ahin _2hin |
||
| 084 | _qCRL | ||
| 100 |
_aमीना, कालूराम, ले. _9868707 |
||
| 245 | 0 | _aऔपनिवेशिक राजस्थान में भील आन्दोलन की भूमिका {1921 - 1947} | |
| 260 |
_aDelhi _bदिल्ली विश्वविद्यालय. कला संकाय. संस्कृत _c2022 |
||
| 300 | _a285पृ0 | ||
| 650 |
_aइतिहास _9868708 |
||
| 942 | _cTH | ||
| 999 |
_c1469254 _d1469254 |
||